| 000 | 00695cam a22002534a 4500 | ||
|---|---|---|---|
| 999 |
_c126335 _d126335 |
||
| 003 | UPN | ||
| 005 | 20211007114329.0 | ||
| 008 | 080215s2007 mx a r 000 f spa d | ||
| 020 | _a9789682476815 | ||
| 035 | _aUPN01000154218 | ||
| 040 |
_aUPN _bspa _cUPN |
||
| 049 | _aCG | ||
| 050 | 4 |
_aPS2383 _bM6.3e |
|
| 100 | 1 |
_aMelville, Herman, _d1819-1891 _929256 |
|
| 245 | 1 | 0 |
_aMoby Dick / _cHerman Melville. |
| 260 |
_aMéxico : _bTrillas, _c2007. |
||
| 300 |
_a165 p. _bil. |
||
| 490 | 0 |
_aLluvia de clásicos ; _v21 |
|
| 650 | 4 |
_aPESCA DE BALLENAS - _vNOVELA _98940 |
|
| 650 | 4 |
_aBALLENAS - _vLITERATURA JUVENIL _98652 |
|
| 650 | 4 |
_aCUENTOS DE MAR _98752 |
|
| 905 | _aLibro | ||
| 942 |
_2lcc _cLIBRO |
||